Del régimen jurídico internacional de los acuerdos Torrijos-Carter de 1977 (Registro nro. 61657)

Detalles MARC
000 -ENCABEZADO
Número de control [NR] 00998nam a2200181Ia 4500
008 - DE LONGITUD FIJA DE DATOS DE ELEMENTOS - INFORMACIÓN GENERAL
Elementos de longitud fija [NR] 130821s1987 pn gr spa
040 ## - FUENTE DE CATALOGACION [NR]
Agencia de catalogación original [NR] Co-BoUCM
Idioma de catalogación [NR] spa
041 00 - CODIGO DE IDIOMA [R]
Código de idioma para texto/pista de sonido o título separado [R] Español
100 1# - ASIENTO PRINCIPAL--NOMBRE PERSONAL [NR]
Nombre personal [NR] Boutin I., Gilberto
245 10 - MENCION DE TITULO [NR]
Título [NR] Del régimen jurídico internacional de los acuerdos Torrijos-Carter de 1977
Mención de responsabilidad, etc. [NR] por Gilberto Boutin I
260 ## - PUBLICACION, DISTRIBUCION, ETC. (PIE DE IMPRENTA) [R]
Lugar de publicación, distribución, etc. [R] Panamá (Panamá, Suramérica)
Nombre del editor, distribuidor, etc. [R] Lotería Nacional de Beneficiencia
Fecha de publicación, distribución, etc. [R] 1987
300 ## - DESCRIPCION FISICA [R]
Extensión [R] 183 páginas
505 ## - NOTA DE CONTENIDO CON FORMATO PREESTABLECIDO [R]
Nota de contenido con formato preestablecido [NR] De la naturaleza de la Comisión del Canal de Panamá. Del régimen de privilegios e inmunidades en el tratado Torrijos-Carter de 1977. -- De los conflictos de Jurisdicción en los tratados Torrijos-Carter de 1977. -- De la ley 96-70 Validez y orden Público. -- Conclusiones. -- Anexos.
651 #7 - ASIENTO SECUNDARIO DE MATERIA - NOMBRE GEOGRAFICO [R]
Nombre geográfico [NR] Estados Unidos
Geographic name following place entry element [OBSOLETE] Relaciones internacionales
Subdivisión geográfica [R] Panamá
Subdivisión de forma [R] Tratados
9 (RLIN) 7595
651 #7 - ASIENTO SECUNDARIO DE MATERIA - NOMBRE GEOGRAFICO [R]
Nombre geográfico [NR] Panamá
Geographic name following place entry element [OBSOLETE] Relaciones internacionales
Subdivisión geográfica [R] Estados Unidos
Subdivisión de forma [R] Tratados
9 (RLIN) 21028
942 ## - ELEMENTOS DE ENTRADA AGREGADOS (KOHA)
Tipo de ítem principal el descrito en 300a Libro
Tema principal Derecho
Edición 1
Parte restante de la signatura top. B778d
Sistema de clasificación DEWEY
Clasificación 341.2
Existencias
Total préstamos Signatura topográfica Código de barras Última vez visto Ejemplar Price effective from Tipo de ítem Perdido Sistema de clasificación Dañado No prestable Tipo de ítem específico Suprimido Ubicación habitual Ubicación actual Localización Fecha de creación Forma de adquisición Costo
  341.2 B778d 3000319 15/12/2012 Ej.1 03/02/2013 Libro   DEWEY     Libro     Bib. Cavelier Acavalier 28/02/2013   0.00